| 000 | 00677nam a2200217Ia 4500 | ||
|---|---|---|---|
| 003 | GCL | ||
| 008 | 140319s9999 xx 000 0 ara d | ||
| 020 | _a?063714977 | ||
| 040 |
_aGCL / _cGCL |
||
| 082 | 0 | 4 |
_a216.4 _bم ظ |
| 100 | 1 | _aمحمد الغزالى | |
| 245 | 1 | 0 |
_aظلام من الغرب / _cمحمد الغزالى |
| 250 | _aاولى | ||
| 260 |
_aالقاهرة : _bنهضة مصر للطباعة والنشر والتوزيع ، _c1997 |
||
| 300 |
_a254 ص ؛ _c24 سم |
||
| 650 | 0 | 4 | _aالاسلام |
| 650 | 0 | 4 | _aالحقوق السياسية |
| 650 | 0 | 4 | _aالنظم السياسية |
| 650 | 0 | 4 | _aالاسلام والسياسة |
| 942 |
_2ddc _cBK |
||
| 999 |
_c52506 _d52506 |
||